000 00396cam a22001217a 4500
008 180718b1990 xxu||||| |||| 00| 0 eng d
082 _aA81x54 In2/81/15/Pt10C
100 _aCensus of India 1981
245 _aNagaland: survey report on village, Tseminyu
260 _aDelhi
_bThe Controller of Publications
_c1990
300 _a72+p.
440 _aCensus of India 1981. Series-15, Nagaland, Part-X C
999 _c483122
_d483122